Foundations of algorithms / (رقم التسجيلة. 37850)

تفاصيل مارك
000 -فاتح التسجيلة
الفاتح 00706 a2200205 4500
008 - عناصر البيانات ثابتة الطول
عناصر البيانات ثابتة الطول 131226t20152015mau g b 001 0 eng d
020 ## - ردمك
ردمك 9781284049190 (pbk.)
020 ## - ردمك
ردمك 1284049191 (pbk.)
082 00 - رقم تصنيف ديوي العشري
رقم تصنيف ديوي 518.1
اصدار خطة التصنيف 23
رقم المادة NRF
100 1# - المؤلف - اسم شخصي (مدخل رئيسي)
الاسم (اسم العائلة، الاسماء الاولى Neapolitan, Richard E.,
245 10 - العنوان
العنوان الفعلي Foundations of algorithms /
بيان المسئولية Richard E. Neapolitan.
250 ## - الطبعة
بيان الطبعة 5th ed.
260 ## - بيانات النشر
مكان النشر Publisher: Burlington, MA :
الناشر Jones & Bartlett Learning,
التاريخ 2014.
300 ## - الوصف المادي
التعداد xvii, 676 p. ;
اﻷبعاد 24 cm
504 ## - تبصرة ببليوجرافية
تبصرة ببليوجرافية للأقراص Includes bibliographical references (pages 653-658) and index.
650 #0 - رأس موضوع - مصطلح موضوعي
الموضوع Algorithms.
650 #0 - رأس موضوع - مصطلح موضوعي
الموضوع Constructive mathematics.
650 #0 - رأس موضوع - مصطلح موضوعي
الموضوع Computational complexity.
942 ## - مداخل إضافية خاصة بكوها
Koha [default] item type كتاب
100 1# - المؤلف - اسم شخصي (مدخل رئيسي)
-- 50039
650 #0 - رأس موضوع - مصطلح موضوعي
-- 50040
650 #0 - رأس موضوع - مصطلح موضوعي
-- 50041
650 #0 - رأس موضوع - مصطلح موضوعي
-- 50042
المقتنيات
حالة اﻹلغاء مادة مفقودة مصدر خطة التصنيف أو الترفيف حالة التلف غير مسموح باﻹعارة موقع غير دائم الموقع الحالي تاريخ التزويد إجمالي اﻹعارات رقم الطلب بالكامل الباركود آخر تاريخ للعرض رقم النسخة السعر فعال من تاريخ نوع المادة في كوها
    Dewey Decimal Classification   Not For Loan المكتبة المركزية بالمجمعة (CL) المكتبة المركزية بالمجمعة (CL) 2015-07-30   518.1 NRF 00216069 2015-07-30 1 2015-07-30 كتاب
    Dewey Decimal Classification     المكتبة المركزية بالمجمعة (CL) المكتبة المركزية بالمجمعة (CL) 2015-10-13   518.1 NRF 00654249 2015-10-13   2015-10-13 كتاب
    Dewey Decimal Classification     المكتبة المركزية بالمجمعة (CL) المكتبة المركزية بالمجمعة (CL) 2015-10-13   518.1 NRF 00654250 2015-10-13   2015-10-13 كتاب
    Dewey Decimal Classification   Not For Loan مكتبة مجمع الكليات بالزلفى - طلاب (SZM) مكتبة مجمع الكليات بالزلفى - طلاب (SZM) 2016-05-16   518.1 NRF 00227498 2016-05-16 1 2016-05-16 كتاب
    Dewey Decimal Classification     مكتبة مجمع الكليات بالزلفى - طلاب (SZM) مكتبة مجمع الكليات بالزلفى - طلاب (SZM) 2016-05-16   518.1 NRF 00227499 2016-05-16 2 2016-05-16 كتاب